| 000 | 00353nam a2200145Ia 4500 | ||
|---|---|---|---|
| 999 |
_c2738 _d2738 |
||
| 003 | OSt | ||
| 005 | 20191002191542.0 | ||
| 008 | 190902s9999||||xx |||||||||||||| ||und|| | ||
| 040 | _cmaju | ||
| 100 | _aThair,Naveed Ahmed | ||
| 245 | 0 | _aPost Cold War European Order AND South Asia | |
| 260 |
_akarachi _bEurope _c1996 |
||
| 300 | _a193p.: | ||
| 942 |
_cBK _2ddc |
||